The Land Transfer Acts, 1875 and 1877 with a commentary on the sections of the acts ... and Land Registry Rules ... (Record no. 85738)

MARC details
000 -LEADER
fixed length control field 00525cam a2200181 4500
001 - CONTROL NUMBER
control field D12235
008 - FIXED-LENGTH DATA ELEMENTS--GENERAL INFORMATION
fixed length control field 090401t1899 xxu||||| |||| 00| 0 eng d
035 ## - SYSTEM CONTROL NUMBER
System control number (Sirsi) u2205
041 ## - LANGUAGE CODE
Language code of text/sound track or separate title eng
100 ## - MAIN ENTRY--PERSONAL NAME
Personal name Brickdale, C. Fortescue
245 #4 - TITLE STATEMENT
Title The Land Transfer Acts, 1875 and 1877 with a commentary on the sections of the acts ... and Land Registry Rules ...
260 ## - PUBLICATION, DISTRIBUTION, ETC.
Place of publication, distribution, etc. London
Name of publisher, distributor, etc. Stevens and Sons
Date of publication, distribution, etc. 1899
350 ## - PRICE (NR) (BK AM CF MU VM SE) [OBSOLETE]
Price 0
520 ## - SUMMARY, ETC.
Summary, etc. Shelf 113
700 ## - ADDED ENTRY--PERSONAL NAME
Personal name Sheldon, William Robert
942 ## - ADDED ENTRY ELEMENTS (KOHA)
Suppress in OPAC 0
948 ## - LOCAL PROCESSING INFORMATION (OCLC); SERIES PART DESIGNATOR (RLIN)
c (OCLC) 04/03/1997
Holdings
Withdrawn status Lost status Source of classification or shelving scheme Damaged status Not for loan Home library Current library Shelving location Date acquired Total Checkouts Full call number Barcode Date last seen Copy number Price effective from Koha item type
    Dewey Decimal Classification     London London Basement 14/09/1999   SHELF 113 30014864 06/08/2019 1 06/08/2019 Reference material